| 000 | 00907nas a2200289 4500 | ||
|---|---|---|---|
| 001 | BR0003922 | ||
| 003 | BR-BrBNA | ||
| 005 | 20231205101956.0 | ||
| 007 | ta | ||
| 008 | 230509b bl.|||p| |||| 00| 00por d | ||
| 040 |
_aBR-BrBNA _bpor _cBiblioteca Nacional de Agricultura |
||
| 041 | _a(Pt) | ||
| 072 | _aH10 | ||
| 100 | 1 | _aCampos, A.R. | |
| 100 | 1 | _aLara, F.M. | |
| 100 | 1 | _aPretto, D.R. | |
| 100 | 1 | _aCampos, O.R. | |
| 245 | 1 | _aInteracoes entre genotipos de sorgo, a mosca Stenodiplosidis sorghicola (Diptera: Cecidomyiidae)e seu parasitoide Aprostocetus diplosidis Crawford, 1907 (Hymenoptera: Eulophidae) | |
| 650 | _aSorgo | ||
| 650 | _aMosca | ||
| 650 | _aGenotipo | ||
| 650 | _aVariedade Resistente | ||
| 650 | _aSao Paulo | ||
| 773 | 0 |
_tEcossistema (Brazil) _xISSN 0100-4107 _g(Dec 1999), v. 24 p. 84 _wBR0003922 |
|
| 909 |
_a202311 _bLúcia _c55 _dLúcia Elande |
||
| 942 |
_2AGRIS _n0 _cANA |
||
| 999 |
_c165046 _d165046 |
||